Statistics for Mario And Sonic Oympic Games Characters

Click here to take the quiz!

General Stats

  • This quiz has been taken 735 times
  • The average score is 17 of 20

Answer Stats

Answer% Correct
Mario
99%
Luigi
98%
Sonic
98%
Peach
96%
Bowser
93%
Tails
93%
Knuckles
91%
Daisy
90%
Wario
87%
Amy
86%
Shadow
86%
Waluigi
85%
Yoshi
81%
Eggman
79%
Blaze
73%
Silver
71%
Vector
69%
Donkey Kong
68%
Bowser Jr.
66%
Metal Sonic
66%

Score Distribution

Percentile by Number Answered

Percent of People with Each Score

Your Score History

You have not taken this quiz